[Event "IND-ch U15 49th"]
[Site "Hosur"]
[Date "2024.11.03"]
[Round "1"]
[White "Aron, SP."]
[Black "Sriram, Adarsh Uppala"]
[Result "0-1"]
[WhiteElo "1691"]
[BlackElo "2368"]
[PlyCount "68"]
[EventDate "2024.11.03"]
[EventType "swiss"]
[EventRounds "11"]
[EventCountry "IND"]
[SourceTitle "CB45_2024"]
[Source "ChessBase"]
[SourceDate "2024.11.06"]
[SourceVersion "1"]
[SourceVersionDate "2024.11.06"]
[SourceQuality "1"]

1. d4 Nf6 2. c4 b6 3. Nf3 Bb7 4. Nc3 e6 5. Bg5 h6 6. Bh4 Bb4 7. Qb3 Bxc3+ 8. Qxc3 g5 9. Bg3 Ne4 10. Qb3 d6 11. e3 h5 12. h4 g4 13. Nh2 Nd7 14. Qc2 f5 15. Bd3 Nxg3 16. fxg3 Nf6 17. Qf2 Be4 18. Be2 Qe7 19. Nf1 0-0 20. Nd2 c5 21. Rg1 Rac8 22. Qf4 Rf7 23. Qf2 d5 24. a3 Kh7 25. Rf1 Qb7 26. Nxe4 Nxe4 27. Qf4 cxd4 28. exd4 dxc4 29. Qe5 Qd5 30. Rf4 Qxe5 31. dxe5 Rc5 32. Kd1 Rd7+ 33. Kc1 Nxg3 34. Bd1 Rcd5 0-1